00597 2200193 4500001002100000008004100021035002000062245010800082100002400190260003800214300003100252020001600283084001600299520003000315082001000345650002600355990001100381990001100392INLIS000000000014832 ind  a0010-1022000150 aMengenal, Mencegah, dan Mengatasi Silent Killer, OsteoporiscVicynthia Tjahyadi;editor, Astri Pratiwi P aVICYNTHIA, Tjahyadi aYogyakarta :bRomawi Press,c2017 avi, 153 hlm.:ilus.c20 cm. a602663407-x a616.7 VIC m aBibliografi.: 151-153 hlm a616.7 aPENYAKIT.OSTEOPOROSIS a9702 a a9702 b